000 00357nam a2200145Ia 4500
008 230917s9999||||xx |||||||||||||| ||und||
040 _e103081
_aMAIN
041 _aEnglish
082 _a657.48 T829F
100 _aTulsian, P C
245 0 _aFinancial accounting
260 _aSingapore
_bPearson Education
_c2003
300 _axv, A-11p p.
942 _cBK
999 _c119330
_d119330